000 01985cam a2200373 i 4500
001 768714001
003 CO-MdFUSB
005 20240716085648.0
007 ta
008 780602t1983 gw 000 0 ger
010 _a 53022802
020 _a 9783525535011
040 _aDLC
_cCO-MdFUSB
_dOCoLC
_dCO-MdFUSB
_dDLC
_bspa
_erda
041 _ager
042 _apremarc
082 _223
_a181.3
_bB695
100 1 _aBoman, Thorleif.
_eautor
245 1 4 _aDas hebräische Denken im Vergleich mit dem Griechischen.
_c/ Thorleif Boman
264 1 _aGöttingen :
_bVandenhoeck y Ruprecht,
_c[1983]
264 4 _c© 1983
300 _a186 pàginas. ;
_c24 cm.
336 _2rdacontent
_atexto
_btxt
337 _2rdamedia
_asin mediación
_bn
338 _2rdacarrier
_avolumen
_bnc
504 _aIncluye referencias bibliográficas páginas (181-184)
505 _gPrimera parte:
_tPensamiento dinámico y estático:
_aDinámico. -- Ser estático. -- El ser vanidoso. -- La palabra. -- Conceptos e ideas colectivas.
_gSegunda parte:
_tImpresión y apariencia:
_aLa impresión de los edificios. -- La impresión de las personas. -- La impresión de las cosas. -- La impresión de Dios. -- Aparición en el pensamiento griego.
_gTercera parte:
_tTiempo y espacio:
_aLa visión greco-europea del tiempo. -- La visión israelita del tiempo. -- El espacio. -- Tamaño y número. -- Historia y naturaleza.
_gCuarta parte:
_tSimbolismo e instrumentalismo:
_aLa concepción hebrea de las cosas. -- La concepción griega de las cosas.
_gQuinta parte:
_tPensamiento lógico y comprensión psicológico:
_aLógica y psicología. -- La justificación de ambos puntos de vista. -- La independencia de los pensadores israelitas. -- Las características formales de los dos formas de pensar.
563 _aRùstico
650 0 _aJudaísmo (Teología cristiana)
_91049
942 _cBK
945 _aJTF-925
999 _c65800
_d65800